000
00257nam a22001097a 4500
008
170124b xxu||||| |||| 00| 0 eng d
020
_a
9780801606137
041
_a
eng
080
_2
2ND
_a
618.2
245
_a
PEDIATRIC NURSING REFERENCE
_c
BETZ
942
_2
udc
_c
BK
999
_c
3538
_d
3538